Extremely Hard General Knowledge #68 - Statistics

General Stats
  • This quiz has been taken 228 times
  • The average score is 3 of 20
Answer Stats
Hint Answer % Correct
Used as a measure of the height of horses, how many inches are in a hand? {4} inches
72%
What name is the on-stage alter ego of Beyoncé and features in the name of her third studio album? Sasha Fierce
37%
Which Dutch artists' 20th Century works mainly consisted of impossible objects and impossible perspectives? M. C. Escher
35%
In Roman Mythology, who is the goddess of the hearth, home, and family? Vesta
23%
Who has starred as Meredith Grey in over 400 episodes of Grey's Anatomy since 2005? Ellen Pompeo
21%
Which mountain is the third-highest in the world and the tallest which lies in India? Kangchenjunga
21%
People of which ethnic group makes up over half (53%) of the population of Niger and the largest (25%) proportion of the population of Nigeria? Hausa
20%
With a name translating to 'New Land', which Russian archipelago is situated to the North of the mainland in the Arctic Ocean? Novaya Zemlya
19%
Which company released Magic: The Gathering in 1993 and then acquired the company that created Dungeons & Dragons in 1997? Wizards of the Coast
19%
The Pots and Pans Revolution lasted from 2009 to 2011 and was related to which country's response to a financial crisis? Iceland
15%
Which city is the legislative capital of Eswatini? Lobamba
10%
Which Russian athlete holds the current Women's Pole Vault record of 5.06m which was set in 2009? Yelena Isinbayeva
7%
Which Brit had 3 UK Number Ones in the 1960s with "Yeh, Yeh", "Get Away" and "The Ballad of Bonnie and Clyde"? Georgie Fame
5%
Who was nominated for the Best Lead Actor Oscar for Salvador (1986) and the Best Supporting Actor Oscar for Ghosts from the Past (1996)? James Woods
5%
In the UK, package holidays are often said to be "ATOL protected". What does ATOL stand for? Air Travel Organisers' Licensing
3%
In which year was the 1st Dalai Lama (Gedun Drupa) born? 1391
2%
Which Brit won the Men's 800m at both the 1924 and 1928 Summer Olympic Games? Douglas Lowe
1%
What is the name of the UK shipping forecast area that includes the Channel Islands? Portland
1%
In Japanese baking, what process involves cooking a portion of the flour and liquid into a thick slurry prior to adding the remaining ingredients, resulting in soft, fluffy bread? Tangzhong
1%
In ballet, what jump type consists of moves that involve hopping from one foot to the same foot? Temps Levé
1%
No matching quizzes found
Score Distribution
Percent of People with Each Score
Percentile by Number Answered
Your Score History
You have not taken this quiz